Secular Jinnah & Pakistan : (Record no. 14169)

000 -LEADER
fixed length control field 01215cam a2200349 a 4500
001 - CONTROL NUMBER
control field 16600558
005 - DATE AND TIME OF LATEST TRANSACTION
control field 20170105102848.0
008 - FIXED-LENGTH DATA ELEMENTS--GENERAL INFORMATION
fixed length control field 110106s2010 pk b 001 0deng
010 ## - LIBRARY OF CONGRESS CONTROL NUMBER
LC control number 2010344877
020 ## - INTERNATIONAL STANDARD BOOK NUMBER
International Standard Book Number 9789694948010
025 ## - OVERSEAS ACQUISITION NUMBER
Overseas acquisition number P-E-2010344877; 29
037 ## - SOURCE OF ACQUISITION
Source of stock number/acquisition Library of Congress -- Islamabad Overseas Office
Terms of availability Rs. 495.00
040 ## - CATALOGING SOURCE
Original cataloging agency DLC
Transcribing agency DLC
042 ## - AUTHENTICATION CODE
Authentication code lcode
043 ## - GEOGRAPHIC AREA CODE
Geographic area code a-pk---
050 00 - LIBRARY OF CONGRESS CALL NUMBER
Classification number DS385.J5
Item number K37 2010
082 ## - DEWEY DECIMAL CLASSIFICATION NUMBER
Classification number 954.91
100 0# - MAIN ENTRY--PERSONAL NAME
Personal name Saleena Karim
245 1# - TITLE STATEMENT
Title Secular Jinnah & Pakistan :
Remainder of title what the nation doesn't know /
Statement of responsibility, etc. Saleena Karim.
246 3# - VARYING FORM OF TITLE
Title proper/short title Secular Jinnah and Pakistan
260 ## - PUBLICATION, DISTRIBUTION, ETC.
Place of publication, distribution, etc. Karachi :
Name of publisher, distributor, etc. Paramount Publishing Enterprise,
Date of publication, distribution, etc. 2010.
300 ## - PHYSICAL DESCRIPTION
Extent x, 317 p. ;
Dimensions 25 cm.
500 ## - GENERAL NOTE
General note Sequel to: Secular Jinnah : Munir's big hoax exposed.
504 ## - BIBLIOGRAPHY, ETC. NOTE
Bibliography, etc. note Includes bibliographical references (p. [293]-300) and index.
600 10 - SUBJECT ADDED ENTRY--PERSONAL NAME
Personal name Jinnah, Mahomed Ali,
Dates associated with a name 1876-1948
General subdivision Political and social views.
600 10 - SUBJECT ADDED ENTRY--PERSONAL NAME
Personal name Jinnah, Mahomed Ali,
Dates associated with a name 1876-1948
General subdivision Religion.
650 #0 - SUBJECT ADDED ENTRY--TOPICAL TERM
Topical term or geographic name entry element Pakistan
General subdivision Politics and government.
650 #0 - SUBJECT ADDED ENTRY--TOPICAL TERM
Topical term or geographic name entry element Pakistan
General subdivision History.
906 ## - LOCAL DATA ELEMENT F, LDF (RLIN)
a 7
b cbc
c origode
d 3
e ncip
f 20
g y-gencatlg
942 ## - ADDED ENTRY ELEMENTS (KOHA)
Source of classification or shelving scheme
Koha item type Book
Holdings
Withdrawn status Lost status Damaged status Not for loan Collection code Permanent Location Current Location Shelving location Date acquired Total Checkouts Full call number Barcode Date last seen Price effective from Koha item type
          Centre for International Peace & Stability (CIPS) Centre for International Peace & Stability (CIPS) General Stacks 08/20/2013   954.91 SAL 2010 CIPS0000716 08/20/2013 01/05/2017 Book
© 2023 Central Library, National University of Sciences and Technology. All Rights Reserved.